| 000 | 00610nam a2200241Ia 4500 | ||
|---|---|---|---|
| 003 | OSt | ||
| 005 | 20220923211952.0 | ||
| 006 | a|||||r|||| 00| 0 | ||
| 007 | ta | ||
| 008 | 220922b |||||||| |||| 00| 0 hin d | ||
| 024 | _a76,051 | ||
| 037 | _cTextual | ||
| 040 |
_aARTS _cARTS _bhin |
||
| 041 |
_2hin _ahin |
||
| 082 | _aR693, 15L4 | ||
| 100 |
_aज्ञानमती _9156277 |
||
| 245 | 0 | _aन्यायसार | |
| 246 | _aNyāyasāra | ||
| 260 | _c1974 | ||
| 300 |
_a16, 119p. _ccm. |
||
| 942 |
_hR693, 15L4 _cTEXL _2CC |
||
| 999 |
_c305034 _d305034 |
||